| 000 | 01215pam a2200301 a 4500 | ||
|---|---|---|---|
| 999 |
_c4518 _d4518 |
||
| 001 | 2489385 | ||
| 003 | OSt | ||
| 005 | 20220324070956.0 | ||
| 008 | 911226s1992 enka b 001 0 eng | ||
| 010 | _a 91048061 | ||
| 020 | _a0521391091 (hard) | ||
| 040 |
_aDLC _cDLC _dDLC |
||
| 050 | 0 | 0 |
_aGN50 _b.M65 1992 |
| 082 | 0 | 0 |
_a573 _220 |
| 245 | 0 | 0 |
_aMolecular applications in biological anthropology / _cedited by Eric J. Devor. |
| 260 |
_aCambridge [England] ; _aNew York, NY, USA : _bCambridge University Press, _c1992. |
||
| 300 |
_axiv, 258 p. : _bill. ; _c24 cm. |
||
| 440 | 0 |
_aCambridge studies in biological anthropology ; _v10 |
|
| 504 | _aIncludes bibliographical references and index. | ||
| 650 | 0 |
_aPhysical anthropology _xMethodology. |
|
| 650 | 0 |
_aMolecular biology _xTechnique. |
|
| 700 | 1 |
_aDevor, Eric Jeffrey, _d1949- |
|
| 856 | 4 | 2 |
_3Publisher description _uhttp://www.loc.gov/catdir/description/cam024/91048061.html |
| 856 | 4 | 1 |
_3Table of contents _uhttp://www.loc.gov/catdir/toc/cam029/91048061.html |
| 906 |
_a7 _bcbc _corignew _d1 _eocip _f19 _gy-gencatlg |
||
| 942 |
_2lcc _cBK _nDO |
||